|
|
|
|
| LEADER |
01197nam a2200265 a 4500 |
| 001 |
620 |
| 003 |
BD-DhAAL |
| 005 |
20150711110653.0 |
| 008 |
150711s1995 nyua i000 0 eng d |
| 020 |
|
|
|a 9211123887
|
| 040 |
|
|
|a NZOC
|b eng
|c NZOC
|d SSL
|d BD-DhAAL
|
| 082 |
|
|
|a 303.48/33091724
|
| 245 |
0 |
0 |
|a Information technology for development.
|
| 260 |
|
|
|a New York ;
|a Geneva :
|b United Nations,
|c 1995.
|
| 300 |
|
|
|a xxvi, 558 p. :
|b ill. ;
|c 30 cm.
|
| 490 |
|
|
|a Advanced technology assessment system ;
|v issue 10, Autumn 1995
|
| 500 |
|
|
|a At head of title: United Nations Conference on Trade and Development. Division for Science and Technology for Development.
|
| 500 |
|
|
|a "Sales no. E.95.II.D.20"--T.p. verso.
|
| 541 |
|
|
|e 620
|
| 650 |
|
0 |
|a Information technology
|z Developing countries.
|9 13083
|
| 650 |
|
0 |
|a Electronic data processing
|z Developing countries.
|9 13084
|
| 710 |
2 |
|
|a United Nations Conference on Trade and Development.
|b Division for Science and Technology for Development.
|9 13085
|
| 942 |
|
|
|2 ddc
|c BK
|
| 999 |
|
|
|c 35031
|d 35031
|
| 952 |
|
|
|0 0
|1 0
|2 ddc
|4 0
|6 303_483309172400000_INF
|7 0
|9 54912
|a SCL
|b SCL
|c GEN
|d 2015-07-11
|g 1750.00
|l 0
|o 303.4833091724 INF
|p 3020000620
|r 2015-07-11
|t 1
|w 2015-07-11
|y BK
|